jednoliterowe symbole pierwiastków chemicznych - Statystyki

Ogólne statystyki
  • Ten quiz został rozwiązany 21 razy
  • Średni wynik to 10 z 13
Statystyki odpowiedzi
Hint Odpowiedź % Poprawnych
O tlen
100%
P fosfor
90%
S siarka
90%
N azot
85%
C wegiel
85%
H wodór
85%
B bor
70%
F fluor
70%
U uran
70%
Y itr
65%
I jod
65%
V wanad
65%
W wolfram
55%
Nie znaleziono quizów pasujących do podanych kryteriów
Rozkład punktacji
Procent ludzi z każdym wynikiem
Percentyl według liczby udzielonych odpowiedzi
Twoja historia wyników
Nie rozwiązałeś tego quizu